Human Rights in India----some Issues (Record no. 16195)

MARC details
000 -LEADER
fixed length control field 00610nam a2200241 a 4500
020 ## - INTERNATIONAL STANDARD BOOK NUMBER
ISBN 8185220
082 00 - DEWEY DECIMAL CLASSIFICATION NUMBER
Classification number 323
Author Cutter ANS
100 ## - MAIN ENTRY--AUTHOR NAME
Author name Ansari, Iqbal A
245 ## - TITLE STATEMENT
Title Human Rights in India----some Issues
260 ## - PUBLICATION, DISTRIBUTION, ETC. (IMPRINT)
Place of publication Delhi
Name of publisher Instt.Of Objective Studies
Year of publication 1998
300 ## - PHYSICAL DESCRIPTION
Number of Pages 210p
500 ## - GENERAL NOTE
General note includes index and biblioraphy
505 2# - FORMATTED CONTENTS NOTE
Formatted contents note Appendices
650 ## - SUBJECT ADDED ENTRY--TOPICAL TERM
Topical Term Human Rights-India
942 ## - ADDED ENTRY ELEMENTS (KOHA)
Koha item type Books
700 1# -
-- Ansari, Iqbal A
Holdings
Collection code Home library Current library Date acquired Cost, normal purchase price Full call number Accession Number Koha item type
  Henry Martyn Institute Library Henry Martyn Institute Library 04/22/2009 175.00 323 ANS 021262 Books
                   Copyright © 2026 | Henry Martyn Institute | Hyderabad | TS-500052 | INDIA | Implemented by hmi.edu.in
Hit-Count:

Powered by Koha